000 00462nam a22001817a 4500
003 LK-CoDNM
005 20250120152132.0
008 241220b |||||||| |||| 00| 0 eng d
040 _aLK-CoDNM
_dLK-CoDNM
_eLK-CoDNM
041 _aeng
080 _a11
_bW36
100 _aMATSUO,TAKANE
245 _aRICE AND RICE CULTIVATION IN JAPAN
260 _c1961
_aLONDON
_bBRITISH MUSEUM
300 _aIX,180P. : ill ; 25 cm
650 _ascience
942 _cBK
999 _c237079
_d237079